00959nam a2200229 a 450000100100000000500170001000800410002704000250006808200200009310000290011324500980014226000450024030000200028559000260030565000280033165000310035970000430039091000370043395201180047095201240058899900170071200002592220240412074252.0110224s1989 dr 000 p spa d aDO-SdBNPbspacBNPHU aRD861.44bM386v1 aMartínez, Frank95278013aLa vigilia de las flores /cFrank Martínez ; presentación Francisco Abrahán De Jesús. aSanto Domingo :bAmigo del Hogar,c1989. a46 p. ;c18 cm. aInventariado, 2018/LP 0aPoesía dominicana966 0aLiteratura dominicana.96712aDe Jesús, Francisco Abrahán952781 aValidado. Control de calidad MFF 0010718PDaPDbPDcHDd2011-02-24iLF1l0oRD861.44 M386vp25922-10r2020-06-25w2020-06-25yLFPDZNo se presta 0010718PDaPDbPDcHDd2011-02-24iLF1l0oRD861.44 M386vp25922-20r2020-06-25te. 2w2020-06-25yLFPDZNo se presta c25414d25414